1943 March Madness Teams - Statistics

General Stats
  • This quiz has been taken 5 times
  • The average score is 4 of 8
Answer Stats
Placement in Tourney Team % Correct
Eliminated Texas
100%
Winner Wyoming
100%
Third Place-East Dartmouth
50%
Fourth Place-East New York U
50%
Third Place-West Oklahoma
50%
Fourth Place-West Washington
50%
Eliminated DePaul
0%
Runner-Up Georgetown
0%
No matching quizzes found
Score Distribution
Percent of People with Each Score
Percentile by Number Answered
Your Score History
You have not taken this quiz